000 00665nam a22002177a 4500
003 UA-OsUOA
001 123311
007 ta
008 20170612b un ||||| |||| 00| 0 ukr d
100 _aКобець В.
090 _a82
_bК55
942 _cSA
040 _aUA-OsUOA
_bukr
_cUA-OsUOA
_dUA-OsUOA
245 _aЗійдуть сніги, і правда проросте. До 105-річчя класика української літератури Михайла Стельмаха
300 _aС.8-7
955 _a0
041 _aukr
080 _a82
773 0 _w123310
650 7 _a82 Література. Літературознавство
_2UDC
999 _c410389
_d410389